Player of the Match - Euro 2024 - Statistiques

Statistiques générales
  • Ce quiz a été pris 61 fois
    14 depuis la dernière actualisation
  • Le résultat moyen est 15 sur 51
Statistiques - réponses
Match Player of the Match % Correct
Allemagne - Ecosse 5-1 Jamal Musiala
100%
Espagne - France 2-1 Lamine Yamal
90%
Serbie - Angleterre 0-1 Jude Bellingham
80%
Angleterre - Slovaquie 2-1 (a.p.) Jude Bellingham
80%
Autriche - France 0-1 N'Golo Kanté
80%
Pays-Bas - France 0-0 N'Golo Kanté
80%
Espagne - Italie 1-0 Nico Williams
80%
Espagne - Angleterre 2-1 Nico Williams
80%
Pologne - Pays-Bas 1-2 Cody Gakpo
60%
Roumanie - Pays-Bas 0-3 Cody Gakpo
60%
Croatie - Italie 1-1 Luka Modrić
60%
Turquie - Géorgie 3-1 Arda Güler
50%
Espagne - Géorgie 4-1 Rodri
50%
Turquie - Portugal 0-3 Bernardo Silva
40%
Angleterre - Suisse 1-1 (a.p.) (5-3 Tirs au but) Bukayo Saka
40%
France - Belgique 1-0 Jules Koundé
40%
Belgique - Roumanie 2-0 Kevin De Bruyne
40%
Ukraine - Belgique 0-0 Kevin De Bruyne
40%
Slovénie - Danemark 1-1 Christian Eriksen
30%
Danemark - Serbie 0-0 Christian Eriksen
30%
Espagne - Croatie 3-0 Fabián Ruiz
30%
Italie - Albanie 2-1 Federico Chiesa
30%
Allemagne - Danemark 2-0 Antonio Rüdiger
20%
République tchèque - Turquie 1-2 Barış Alper Yılmaz
20%
Hongrie - Suisse 1-3 Granit Xhaka
20%
Suisse - Allemagne 1-1 Granit Xhaka
20%
Géorgie - Portugal 2-0 Khvicha K'varatskhelia
20%
Autriche - Turquie 1-2 Merih Demiral
20%
Roumanie - Ukraine 3-0 Nicolae Stanciu
20%
Pays-Bas - Angleterre 1-2 Ollie Watkins
20%
Portugal - France 0-0 (a.p.) (3-5 Tirs au but) Ousmane Dembélé
20%
Suisse - Italie 2-0 Ruben Vargas
20%
Portugal - République tchèque 2-1 Vitinha
20%
Espagne - Allemagne 2-1 (a.p.) Dani Olmo
10%
Géorgie - République tchèque 1-1 Giorgi Mamardashvili
10%
Allemagne - Hongrie 2-0 İlkay Gündoğan
10%
Pays-Bas - Turquie 2-1 Stefan de Vrij
10%
Angleterre - Slovénie 0-0 Adam Gnezda Čerin
0%
Croatie - Albanie 2-2 Andrej Kramarić
0%
Pologne - Autriche 1-3 Christoph Baumgartner
0%
Portugal - Slovénie 0-0 (a.p.) (3-0 Tirs au but) Diogo Costa
0%
Albanie - Espagne 0-1 Ferran Torres
0%
France - Pologne 1-1 Łukasz Skorupski
0%
Écosse - Suisse 1:1 Manuel Akanji
0%
Pays-Bas - Autriche 2-3 Marcel Sabitzer
0%
Slovaquie - Ukraine 1-2 Mykola Shaparenko
0%
Danemark - Angleterre 1:1 Pierre-Emile Højbjerg
0%
Ecosse - Hongrie 0-1 Roland Sallai
0%
Belgique - Slovaquie 0-1 Stanislav Lobotka
0%
Slovaquie - Roumanie 1-1 Stanislav Lobotka
0%
Slovénie - Serbie 1:1 Žan Karničnik
0%
Aucun quiz correspondant
Distribution des résultats
% des personnes avec chaque résultat
Percentile par nombre de réponses
Votre historique - résultats
Vous n’avez pas pris ce quiz depuis la dernière actualisation